[Event "Server Championship (CCLA Rules), S71079"]
[Site "CCLA"]
[Date "2017.04.25"]
[Round "?"]
[White "Zaas, Donald"]
[Black "Anderson, Aaron J."]
[Result "1/2-1/2"]
[WhiteElo "2376"]
[BlackElo "2291"]

1. d4 d5 2. c4 c6 3. Nf3 Nf6 4. Nc3 e6 5. g3 dxc4 6. Bg2 Nbd7 7. a4 Bb4 8.
 O-O a5 9. Qc2 O-O 10. Rd1 Qe7 11. Ne5 Nxe5 12. dxe5 Nd7 13. Bf4 f5 14. 
exf6 Nxf6 15. Ne4 e5 16. Be3 Be6 17. Ng5 Kh8 18. Nxe6 Qxe6 19. Rac1 Rad8 
20. Rxd8 Rxd8 21. Bg5 b5 22. Rd1 Rf8 23. h3 Be7 24. e3 b4 25. Bxf6 gxf6 
26. Bf1 c3 27. bxc3 b3 28. Qe4 f5 29. Bc4 Qf6 30. Qb1 f4 31. Rf1 Qg5 32. 
Kg2 Rd8 33. Bxb3 fxg3 34. h4 Qg4 35. Bd1 Qg7 36. fxg3 Bxh4 37. Rf3 Rd2+ 
38. Kf1 e4 39. Rf4 Bf6 40. Be2 Be5 41. Qxe4 Bxf4 42. gxf4 Qf6 1/2-1/2

[Event "Server Championship (CCLA Rules), S71079"]
[Site "CCLA"]
[Date "2017.04.25"]
[Round "?"]
[White "Zaas, Donald"]
[Black "Zaas, Peter S."]
[Result "1/2-1/2"]
[WhiteElo "2376"]
[BlackElo "2341"]

1. d4 Nf6 2. c4 e6 3. g3 c5 4. d5 exd5 5. cxd5 d6 6. Nc3 g6 7. Bg2 Bg7 8. 
Nf3 O-O 9. O-O Re8 10. Bf4 Ne4 11. Nxe4 Rxe4 12. Nd2 Rxf4 13. gxf4 Bxb2 
14. Rb1 Bg7 15. e4 Nd7 16. Re1 Bh6 17. e5 Bxf4 18. e6 Ne5 19. Re4 Qf6 20. 
e7 Bg4 21. Qa4 Bxd2 22. e8=Q+ Rxe8 23. Qxe8+ Kg7 24. Rxb7 c4 25. Rb8 Kh6 
26. Qf8+ Kh5 27. Qh8 Qxh8 28. Rxh8 Bf5 29. Rxh7+ Kg5 30. Kf1 Bf4 31. h4+ 
Kg4 32. h5 c3 33. Bh3+ Kxh3 1/2-1/2

[Event "Server Championship (CCLA Rules), S71079"]
[Site "CCLA"]
[Date "2017.04.25"]
[Round "?"]
[White "Zaas, Donald"]
[Black "Carter, Maurice H."]
[Result "1-0"]
[WhiteElo "2376"]
[BlackElo "2171"]

1. d4 e6 2. g3 c5 3. Nf3 cxd4 4. Nxd4 Nc6 5. Bg2 Qb6 6. Nxc6 dxc6 7. O-O 
e5 8. Nd2 Qc7 9. b3 Be6 10. c4 O-O-O 11. Qc2 h5 12. Nf3 f6 13. Nh4 Ne7 14.
 f4 exf4 15. Bxf4 Qa5 16. Qe4 Bd7 17. Rad1 g5 18. Bd2 Qa3 19. Bc3 gxh4 20.
 Bxf6 Rg8 21. Rxd7 Rxd7 22. Bh3 hxg3 23. Qe6 Rg4 24. Be5 Qc5+ 25. Kg2 Bh6 
26. Bxg4 hxg4 27. Bxg3 Qg5 28. Bf4 Qxf4 29. Rxf4 Bxf4 30. Qxg4 Bc7 31. h4 
Kd8 32. h5 Rd6 33. Qh4 Rh6 34. Qd4+ Ke8 35. Qxa7 Rxh5 36. Qxb7 Rh2+ 37. 
Kf1 Kd8 38. a3 Rh1+ 39. Kf2 Rh5 40. Qa7 Re5 41. Qd4+ Kc8 42. b4 Kb7 43. 
Qd3 Re6 44. a4 Rf6+ 45. Ke1 Ng6 46. Qe4 Ne5 47. c5 Rf7 48. Kd2 Rd7+ 49. 
Kc3 Rd5 50. Kb3 Nd7 51. Qb1 Be5 52. Qc2 Rd4 53. a5 Nb8 54. e3 Rd8 55. b5 
cxb5 56. Qe4+ Nc6 57. a6+ Kc7 58. Kc2 Rd5 59. Qh7+ Rd7 60. Qf5 Bg7 61. Kb3
Rd8 62. Qf7+ Rd7 63. Qg6 Bh8 64. Kc2 Bg7 65. Kc1 Be5 66. Qe8 Rd8 67. Qf7+ 
Rd7 68. Qf1 Na7 69. Qf8 Nc8 70. Kc2 Bg7 71. Qf4+ Kd8 72. Kb3 Na7 73. Kb4 
Kc8 74. Ka5 b4 75. Qe4 Kc7 76. Qa8 Nc8 77. a7 Be5 78. c6 Rd5+ 79. Ka6 Nxa7
80. Qb7+ 1-0

[Event "Server Championship (CCLA Rules), S71079"]
[Site "CCLA"]
[Date "2017.04.25"]
[Round "?"]
[White "Zaas, Donald"]
[Black "Gredescul, Andrea"]
[Result "1/2-1/2"]
[WhiteElo "2376"]
[BlackElo "2202"]

1. d4 c6 2. c4 d5 3. Nf3 Nf6 4. e3 a6 5. Bd3 Bg4 6. Nbd2 Nbd7 7. Qc2 e6 8.
 b3 Bd6 9. Bb2 Bxf3 10. Nxf3 Qa5+ 11. Nd2 Ba3 12. O-O Bxb2 13. Qxb2 O-O 
14. b4 Qc7 15. Rfc1 Rfd8 16. a4 e5 17. b5 exd4 18. exd4 Nf8 19. a5 Ne6 20.
 bxc6 bxc6 21. Nf3 Qf4 22. cxd5 Nxd5 23. Rxc6 Rab8 24. Qa3 Nb4 25. g3 Qf6 
26. Rc4 Nxd3 27. Qxd3 Rb5 28. Rc6 g5 29. Qe4 Qf5 30. Qxf5 Rxf5 31. Ra3 
Rxf3 32. Rxf3 Nxd4 33. Rff6 Nxc6 34. Rxc6 Rd1+ 35. Kg2 Ra1 36. Rxa6 g4 37.
 Ra8+ Kg7 38. a6 h5 39. a7 Ra2 40. h3 Ra1 41. h4 Ra3 42. Kf1 Ra2 43. Ke1 
Ra3 44. Ke2 1/2-1/2

[Event "Server Championship (CCLA Rules), S71079"]
[Site "CCLA"]
[Date "2017.04.25"]
[Round "?"]
[White "Anderson, Aaron J."]
[Black "Zaas, Donald"]
[Result "0-1"]
[WhiteElo "2291"]
[BlackElo "2376"]

1. d4 Nf6 2. c4 g6 3. Nc3 Bg7 4. e4 d6 5. Nf3 O-O 6. h3 e5 7. d5 Nh5 8. g3
Na6 9. Bg2 f5 10. O-O f4 11. g4 Nf6 12. Qe2 h6 13. Rb1 g5 14. b4 h5 15. 
gxh5 g4 16. hxg4 Nxg4 17. Rd1 Rf7 18. c5 Bf6 19. Ba3 Bh4 20. Rf1 Rh7 21. 
c6 b6 22. Qd3 Qe8 23. h6 Qg6 24. Rb2 Rxh6 25. Rd2 Be7 26. Rb1 Rh7 27. Bc1 
Kf7 28. Rbb2 Nf6 29. Nh2 Bh3 30. f3 Rg8 0-1

[Event "Server Championship (CCLA Rules), S71079"]
[Site "CCLA"]
[Date "2017.04.25"]
[Round "?"]
[White "Anderson, Aaron J."]
[Black "Zaas, Peter S."]
[Result "1/2-1/2"]
[WhiteElo "2291"]
[BlackElo "2341"]

1. d4 Nf6 2. c4 e6 3. g3 d5 4. Bg2 Bb4+ 5. Bd2 Be7 6. Nf3 O-O 7. O-O Nbd7 
8. Qc2 c6 9. Bf4 b6 10. Rd1 Bb7 11. Ne5 Nh5 12. Bd2 Nhf6 13. Bf4 Qc8 14. 
Nc3 Nxe5 15. dxe5 Nd7 16. cxd5 cxd5 17. e4 dxe4 18. Qe2 Nc5 19. Nxe4 Nxe4 
20. Bxe4 Bxe4 21. Qxe4 Qa6 22. a3 1/2-1/2

[Event "Server Championship (CCLA Rules), S71079"]
[Site "CCLA"]
[Date "2017.04.25"]
[Round "?"]
[White "Anderson, Aaron J."]
[Black "Carter, Maurice H."]
[Result "1/2-1/2"]
[WhiteElo "2291"]
[BlackElo "2171"]

1. Nf3 c5 2. e4 e6 3. d4 cxd4 4. Nxd4 a6 5. Bd3 Nf6 6. O-O Qc7 7. Qe2 d6 
8. c4 Nc6 9. Nxc6 Qxc6 10. Nc3 Qc7 11. Be3 Be7 12. a4 b6 13. Bd4 O-O 14. 
b4 Nd7 15. Qe3 Bb7 16. a5 bxa5 17. Rxa5 Ne5 18. Be2 Nxc4 19. Bxc4 Qxc4 20.
 Rc1 e5 21. Nd5 Bxd5 22. Rxc4 Bxc4 23. Bb2 Rab8 24. Qe1 Rb6 25. h3 Rc8 26.
 Ra1 Rbc6 27. Rc1 g6 28. Qd2 Bb5 29. Rxc6 Rxc6 30. f3 Ba4 31. Bc3 Bb5 32. 
Kh2 h5 33. g4 hxg4 34. hxg4 Kf8 35. Kg3 Rc4 36. Qh6+ Ke8 37. Qe3 Rc6 38. 
Qd2 Bd8 39. Bb2 Be7 40. f4 f6 41. g5 exf4+ 42. Kxf4 fxg5+ 43. Kg3 Rc4 44. 
Qd5 Rc2 45. Bh8 Re2 46. Bd4 Kd7 47. Qb7+ Ke6 48. Qc8+ Kf7 49. Qa8 Rd2 50. 
Qd5+ Ke8 51. Qg8+ Kd7 52. Qg7 Rd3+ 53. Kg4 Ba4 54. Bf6 Bd1+ 55. Kxg5 Rg3+ 
56. Kh4 Rg4+ 57. Kh3 Rxe4 58. Bxe7 Rxe7 59. Qxg6 Be2 60. Qf5+ Kc6 61. Qf8 
Re3+ 62. Kh4 Re5 63. Qc8+ Kd5 64. Qc3 Bb5 1/2-1/2

[Event "Server Championship (CCLA Rules), S71079"]
[Site "CCLA"]
[Date "2017.04.25"]
[Round "?"]
[White "Anderson, Aaron J."]
[Black "Gredescul, Andrea"]
[Result "1-0"]
[WhiteElo "2291"]
[BlackElo "2202"]

1. d4 c6 2. e4 d5 3. exd5 cxd5 4. c4 Nf6 5. Nc3 Nc6 6. Bg5 Be6 7. Nf3 g6 
8. Bxf6 exf6 9. c5 Bh6 10. h3 Qd7 11. Bb5 Bf4 12. Ne2 Bc7 13. Qd2 h5 14. 
a3 Kf8 15. O-O-O Kg7 16. Kb1 Qd8 17. Nf4 Bf5+ 18. Ka2 a5 19. Ba4 Be4 20. 
Ne1 Qd7 21. f3 Bf5 22. Ned3 h4 23. Ne1 Rhe8 24. Ne2 Re7 25. Nc3 g5 26. Nd3
Bg3 27. f4 g4 28. Bxc6 bxc6 29. Ne2 Rae8 30. Nxg3 hxg3 31. hxg4 Re2 32. 
Qc1 Bxd3 33. Rxd3 Rb8 34. Rd2 Rxd2 35. Qxd2 Qxg4 36. f5 Qg5 37. Qxa5 Re8 
38. Qc7 Re4 39. Rh3 Rxd4 40. Qxg3 Rg4 41. Qh2 Qf4 42. Qxf4 Rxf4 43. Rf3 
Re4 44. b4 Kf8 45. Kb3 Ke7 46. a4 Re1 47. b5 cxb5 48. axb5 Rb1+ 49. Ka4 
Re1 50. Rd3 Kd8 51. Rxd5+ Kc7 52. Rd4 1-0

[Event "Server Championship (CCLA Rules), S71079"]
[Site "CCLA"]
[Date "2017.04.25"]
[Round "?"]
[White "Zaas, Peter S."]
[Black "Zaas, Donald"]
[Result "1/2-1/2"]
[WhiteElo "2341"]
[BlackElo "2376"]

1. e4 c5 2. Nf3 d6 3. d4 cxd4 4. Nxd4 Nf6 5. Nc3 a6 6. f3 e5 7. Nb3 Be6 8.
 Be3 h5 9. Nd5 Bxd5 10. exd5 Nbd7 11. Be2 g6 12. Qd2 Bg7 13. O-O b6 14. h3
O-O 15. a4 Re8 16. c3 Qc7 17. Rfd1 Qb7 18. Ra3 Kh7 19. Kh2 Qc7 20. Rf1 Qb7
21. c4 1/2-1/2

[Event "Server Championship (CCLA Rules), S71079"]
[Site "CCLA"]
[Date "2017.04.25"]
[Round "?"]
[White "Zaas, Peter S."]
[Black "Anderson, Aaron J."]
[Result "1-0"]
[WhiteElo "2341"]
[BlackElo "2291"]

1. e4 c5 2. Nf3 e6 3. d4 cxd4 4. Nxd4 Nc6 5. Nc3 Qc7 6. Be3 a6 7. a3 Be7 
8. g4 h6 9. h4 Nf6 10. Rg1 d5 11. exd5 Nxd5 12. Nxd5 exd5 13. Qd2 Bxh4 14.
 O-O-O Bf6 15. f4 Bd7 16. Nxc6 bxc6 17. Bc5 Rb8 18. Re1+ Kd8 19. b3 Re8 
20. Rxe8+ Bxe8 21. Kb1 Be7 22. Bd4 f6 23. g5 fxg5 24. fxg5 Bxg5 25. Qc3 
Rb7 26. Bxa6 Rb6 27. Bd3 c5 28. Qxc5 Qxc5 29. Bxc5 Rc6 30. Bd4 g6 31. Rf1 
Re6 32. a4 Bd2 33. c3 g5 34. a5 Kc7 35. b4 Bf4 36. b5 h5 37. a6 Bd7 38. 
Ka2 Kb8 39. Kb3 Re8 40. Kb4 h4 41. Ka5 h3 42. b6 h2 43. Rb1 Bc6 44. Bb5 
Bxb5 45. Kxb5 Re7 46. Ra1 Re8 47. Kc6 Rc8+ 48. Kd7 1-0

[Event "Server Championship (CCLA Rules), S71079"]
[Site "CCLA"]
[Date "2017.04.25"]
[Round "?"]
[White "Zaas, Peter S."]
[Black "Carter, Maurice H."]
[Result "1-0"]
[WhiteElo "2341"]
[BlackElo "2171"]

1. e4 c5 2. Nf3 e6 3. d4 cxd4 4. Nxd4 a6 5. c4 Nf6 6. Nc3 Bb4 7. Qd3 Qc7 
8. a3 Be7 9. f4 O-O 10. Be2 Nc6 11. Be3 Nxd4 12. Qxd4 d6 13. O-O Bd7 14. 
Rac1 Rfd8 15. Qd3 Be8 16. Rfd1 h6 17. b4 Rac8 18. Kh1 b6 19. Qd4 Rb8 20. 
Bf3 Bc6 21. Nd5 Qb7 22. b5 Bxd5 23. exd5 exd5 24. a4 axb5 25. cxb5 Rdc8 
26. Rxc8+ Qxc8 27. Re1 Qc5 28. Qd3 Qc7 29. Rc1 Qd7 30. Rc6 Ra8 31. Rxb6 
Rxa4 32. Ra6 Rb4 33. Ra7 Qe6 34. b6 Bf8 35. h3 g5 36. b7 g4 37. hxg4 Ne4 
38. Kg1 Nc5 39. Bxc5 dxc5 40. Bxd5 1-0

[Event "Server Championship (CCLA Rules), S71079"]
[Site "CCLA"]
[Date "2017.04.25"]
[Round "?"]
[White "Zaas, Peter S."]
[Black "Gredescul, Andrea"]
[Result "1-0"]
[WhiteElo "2341"]
[BlackElo "2202"]

1. e4 c6 2. d4 d5 3. e5 c5 4. Nf3 Nc6 5. dxc5 Bg4 6. c3 e6 7. Be3 a6 8. 
Qb3 Bxf3 9. Qxb7 d4 10. gxf3 Na5 11. Qe4 dxe3 12. Qa4+ Ke7 13. fxe3 Qc7 
14. f4 Qxc5 15. Nd2 Qxe3+ 16. Be2 Rd8 17. Nf3 Qb6 18. Nd4 Rxd4 19. cxd4 
Qc6 20. Qxc6 Nxc6 21. Rc1 Kd7 22. Bxa6 Kc7 23. Kf2 Kb6 24. Bd3 Nge7 25. 
Rc4 Nd5 26. Rhc1 Ncb4 27. Bf1 Nxf4 28. R1c3 Be7 29. a3 Nfd5 30. Rb3 Rf8 
31. axb4 f6 32. Kg1 fxe5 33. b5 exd4 34. Rc6+ Kb7 35. Rxe6 Bc5 36. Rc6 Ba7
37. Bg2 d3+ 38. Kh1 Kb8 39. Rxd3 Nf4 40. Rd7 Re8 41. Rc1 Nxg2 42. Kxg2 
Re2+ 43. Kh1 Re8 44. Rxg7 h5 45. b3 Bf2 46. Rf1 Bb6 47. Rh7 1-0

[Event "Server Championship (CCLA Rules), S71079"]
[Site "CCLA"]
[Date "2017.04.25"]
[Round "?"]
[White "Carter, Maurice H."]
[Black "Zaas, Donald"]
[Result "1/2-1/2"]
[WhiteElo "2171"]
[BlackElo "2376"]

1. d4 Nf6 2. c4 g6 3. f3 c5 4. d5 Bg7 5. Nc3 O-O 6. Nh3 d6 7. Nf2 Na6 8. 
Bg5 h6 9. Bd2 Nc7 10. e4 e6 11. Be2 a6 12. a4 exd5 13. cxd5 Bd7 14. Qc1 b5
15. Bxh6 bxa4 16. Nxa4 Nb5 17. Nc3 Nd4 18. Bd1 Qb6 19. Bxg7 Kxg7 20. O-O 
Bb5 21. Na4 Qb7 22. Re1 Rfb8 23. Nc3 Bc4 24. Ra4 Bb5 25. Ra3 Bc4 26. Na4 
Bb5 27. Nc3 Bc4 28. Na4 Bb5 29. Qf4 Bxa4 30. Rxa4 Qb6 31. Rf1 Rb7 32. Ra2 
a5 33. Ng4 Nxg4 34. fxg4 Qd8 35. g5 Qe7 36. Rf2 Rf8 37. Qf6+ Kg8 38. Rf4 
Rfb8 39. Bg4 Nb3 40. Bf3 Nd2 41. Qxe7 Rxe7 42. Rxa5 Nc4 43. Ra2 Reb7 44. 
Be2 Ne5 45. Kf1 Rxb2 46. Rxb2 Rxb2 47. Rf6 Rb6 48. Ke1 Kf8 49. Kd1 Ke7 50.
 Kc2 Rb4 51. Rf4 Ra4 52. Kc3 Ra2 53. Bf1 Ra3+ 54. Kb2 Rd3 55. Kb1 Rd4 56. 
Kc2 Ra4 57. Kb3 Ra8 58. Be2 Rb8+ 59. Kc2 Ra8 60. Kb3 Rb8+ 61. Kc2 1/2-1/2

[Event "Server Championship (CCLA Rules), S71079"]
[Site "CCLA"]
[Date "2017.04.25"]
[Round "?"]
[White "Carter, Maurice H."]
[Black "Anderson, Aaron J."]
[Result "0-1"]
[WhiteElo "2171"]
[BlackElo "2291"]

1. d4 d5 2. c4 c6 3. cxd5 cxd5 4. Nc3 Nf6 5. Bf4 Qb6 6. Qd2 Nc6 7. e3 Bf5 
8. h3 e6 9. Rc1 Bb4 10. f3 O-O 11. a3 Be7 12. g4 Bg6 13. Na4 Qd8 14. Bd3 
Nd7 15. Bg3 Bh4 16. Kf2 Na5 17. Qe2 Bxg3+ 18. Kxg3 Bxd3 19. Qxd3 Nc4 20. 
Rc2 a5 21. f4 b5 22. Nc3 b4 23. axb4 axb4 24. Nd1 Nf6 25. Nf2 Qb6 26. Qb3 
Qa6 27. Ne2 Rfb8 28. Nc1 Qb7 29. Kh2 h6 30. Re2 Na5 31. Qd1 b3 32. h4 Nd7 
33. Rg1 Nc4 34. Ncd3 Nd6 35. Ne5 Ra2 36. Kh3 Rd8 37. Nxd7 Rxd7 38. Nd3 Qb5
39. Nc5 Rda7 40. Reg2 Ra1 41. Qxa1 Rxa1 42. Rxa1 h5 43. Re1 hxg4+ 44. Kxg4
Nf5 45. h5 Qe8 46. Rh2 f6 47. Nd3 g6 48. h6 g5 49. fxg5 Qg6 50. Kf3 Qxg5 
51. Rh3 Nh4+ 52. Rxh4 Qxh4 53. Ke2 e5 54. h7+ Qxh7 55. Kd2 Qh6 56. Rf1 
Qh2+ 57. Rf2 Qg1 58. Re2 exd4 59. exd4 Qxd4 60. Rf2 Qb6 61. Rf3 Qd6 62. 
Rh3 Kf7 63. Rh7+ Kg6 64. Rh3 f5 65. Rf3 Kg5 66. Ke2 d4 67. Ne1 Kg4 68. Nd3
Qe7+ 69. Kf2 Qc7 70. Ne1 Qc2+ 0-1

[Event "Server Championship (CCLA Rules), S71079"]
[Site "CCLA"]
[Date "2017.04.25"]
[Round "?"]
[White "Carter, Maurice H."]
[Black "Zaas, Peter S."]
[Result "0-1"]
[WhiteElo "2171"]
[BlackElo "2341"]

1. d4 Nf6 2. c4 e6 3. Nf3 b6 4. a3 Bb7 5. d5 exd5 6. cxd5 Bxd5 7. Nc3 Bb7 
8. Bf4 Be7 9. Qc2 Na6 10. Rd1 Nc5 11. e3 O-O 12. Be2 d5 13. O-O c6 14. h3 
a5 15. Nd4 Ne6 16. Nxe6 fxe6 17. Bh2 Bd6 18. Bxd6 Qxd6 19. Rfe1 c5 20. Bf1
Qc7 21. Nb5 Qd7 22. Nc3 Qc7 23. Nb5 Qe7 24. Nc3 Kh8 25. f3 e5 26. b3 Rad8 
27. Qe2 Nh5 28. Qb5 Rd6 29. Qe2 Ng3 30. Qf2 Nxf1 31. Rxf1 d4 32. exd4 cxd4
33. Nb5 Rg6 34. Qe2 Qg5 35. Rf2 h6 36. a4 Qg3 37. Rd3 Rf5 0-1

[Event "Server Championship (CCLA Rules), S71079"]
[Site "CCLA"]
[Date "2017.04.25"]
[Round "?"]
[White "Carter, Maurice H."]
[Black "Gredescul, Andrea"]
[Result "1/2-1/2"]
[WhiteElo "2171"]
[BlackElo "2202"]

1. d4 c6 2. c4 d5 3. cxd5 cxd5 4. Nc3 Nf6 5. Bf4 a6 6. Nf3 Nc6 7. e3 Bg4 
8. h3 Bxf3 9. Qxf3 e6 10. Bd3 Bd6 11. a3 Bxf4 12. Qxf4 Na5 13. O-O O-O 14.
 Rac1 b5 15. Rfe1 Rc8 16. Qf3 Qd7 17. Na2 Qd6 18. Qd1 g6 19. Re2 Kg7 20. 
Rec2 Rxc2 21. Qxc2 Rb8 22. Nb4 Nc4 23. Be2 Nd7 24. Nd3 a5 25. a4 bxa4 26. 
Qxa4 Ndb6 27. Qc2 a4 28. Ra1 Rc8 29. Nc5 e5 30. Qc3 Qf6 31. dxe5 Nxe5 32. 
Qd4 Ned7 33. Qxf6+ Nxf6 34. Nxa4 Nxa4 35. Rxa4 Rc1+ 36. Bf1 1/2-1/2

[Event "Server Championship (CCLA Rules), S71079"]
[Site "CCLA"]
[Date "2017.04.25"]
[Round "?"]
[White "Owens, Johnny"]
[Black "Zaas, Peter S."]
[Result "1/2-1/2"]
[WhiteElo "2196"]
[BlackElo "2341"]

1. d4 Nf6 2. Nf3 e6 3. Bf4 c5 4. e3 Qb6 5. Qc1 Nc6 6. c3 Nh5 7. Bg3 Nxg3 
8. hxg3 d5 9. Nbd2 cxd4 10. cxd4 Bd7 11. Nb1 Bb4+ 12. Nc3 O-O 13. Bd3 h6 
14. O-O Rac8 15. Qd1 Bxc3 16. bxc3 Rc7 17. Rb1 Qa5 18. Qd2 Ne7 19. Rfc1 
Rfc8 20. g4 b5 21. Rb2 a6 22. Rb3 Ra7 23. Bc2 Kf8 24. e4 dxe4 25. Bxe4 f6 
26. Ne1 Bc6 27. Bxc6 Nxc6 28. Qb2 e5 29. Nf3 Qc7 30. Re1 Na5 31. Qa3+ Kg8 
32. Rbb1 Nc4 33. Qb3 exd4 34. cxd4 1/2-1/2

[Event "Server Championship (CCLA Rules), S71079"]
[Site "CCLA"]
[Date "2017.04.25"]
[Round "?"]
[White "Gredescul, Andrea"]
[Black "Zaas, Donald"]
[Result "1/2-1/2"]
[WhiteElo "2202"]
[BlackElo "2376"]

1. e4 c5 2. Nf3 d6 3. Bb5+ Nd7 4. d4 cxd4 5. Qxd4 a6 6. Bxd7+ Bxd7 7. O-O 
e5 8. Qd3 Rc8 9. Nc3 h6 10. Be3 Nf6 11. Nd2 Qc7 12. Rfc1 Be7 13. a4 O-O 
14. a5 Be6 15. Nd5 Nxd5 16. exd5 Bg4 17. Ra4 f5 18. f3 Bh5 19. Rc4 Qd7 20.
 Rb4 Bd8 21. Ra1 Bg6 22. Nc4 Re8 23. Bf2 Bh7 24. Qb3 Re7 25. Bb6 f4 26. 
Qa4 Qxa4 27. Raxa4 Bc7 28. c3 Bb8 29. Nd2 1/2-1/2

[Event "Server Championship (CCLA Rules), S71079"]
[Site "CCLA"]
[Date "2017.04.25"]
[Round "?"]
[White "Gredescul, Andrea"]
[Black "Anderson, Aaron J."]
[Result "1/2-1/2"]
[WhiteElo "2202"]
[BlackElo "2291"]

1. e4 c5 2. Nf3 d6 3. d4 cxd4 4. Nxd4 Nf6 5. Nc3 e6 6. g4 a6 7. g5 Nfd7 8.
 Be3 Nc6 9. h4 Be7 10. Qe2 Qa5 11. O-O-O Nc5 12. f4 Bd7 13. Bh3 b5 14. f5 
b4 15. Nd5 b3 16. Nxb3 Nxb3+ 17. axb3 exd5 18. exd5 Ne5 19. Bd4 Qa1+ 20. 
Kd2 Qa5+ 21. Kc1 f6 22. Qh5+ Kf8 23. Bxe5 dxe5 24. d6 Bd8 25. Bg2 Qa1+ 26.
 Kd2 Qxb2 27. Bxa8 Bxf5 28. Qf3 Ba5+ 29. Ke2 Qxc2+ 30. Kf1 Bd7 31. Bd5 
Bb5+ 32. Bc4 Bc6 33. Bd5 Bb5+ 34. Bc4 Bc6 35. Rd5 Bxd5 36. Bxd5 Bb4 37. 
gxf6 Qb1+ 38. Kf2 Qc2+ 39. Kf1 Qb1+ 40. Kg2 Qg6+ 41. Kh3 Qxf6 42. Qg4 Bxd6
43. Bc4 Ke7 44. Rf1 Qg6 45. Rf7+ Qxf7 46. Bxf7 Kxf7 47. Qc4+ Ke7 48. Qxa6 
Rb8 49. Qd3 g6 50. Qd5 Rb4 51. Qg8 Kf6 52. Qh8+ Kf5 53. Qxh7 Rxb3+ 54. Kg2
Rb2+ 55. Kf1 Kf6 56. Qh6 Rh2 57. Kg1 e4 58. Qg5+ Kg7 59. Qg4 Kf6 60. Qxe4 
Be5 61. Qd5 Rb2 62. Qg8 Rb8 63. Qc4 Rd8 64. Qg4 Kf7 65. Qc4+ Kg7 66. Kg2 
Rd4 1/2-1/2

[Event "Server Championship (CCLA Rules), S71079"]
[Site "CCLA"]
[Date "2017.04.25"]
[Round "?"]
[White "Gredescul, Andrea"]
[Black "Zaas, Peter S."]
[Result "1/2-1/2"]
[WhiteElo "2202"]
[BlackElo "2341"]

1. e4 c5 2. Nf3 d6 3. d4 cxd4 4. Nxd4 Nf6 5. Nc3 a6 6. Be3 e5 7. Nb3 Be7 
8. f3 h5 9. Na4 Nbd7 10. c4 O-O 11. Qd2 Re8 12. Rd1 b5 13. cxb5 d5 14. 
exd5 e4 15. f4 Ng4 16. Nc3 Ndf6 17. d6 Bf8 18. h3 Nxe3 19. Qxe3 axb5 20. 
Bxb5 Re6 21. O-O Rxd6 22. Rxd6 Qxd6 23. Rd1 Qc7 24. Rc1 Qe7 25. a3 Bb7 26.
 Bc4 h4 27. Ne2 Nd5 28. Bxd5 Bxd5 29. Nc5 Qf6 30. Nc3 Bc6 31. N5xe4 Qf5 
32. Re1 Re8 33. b4 g6 34. Re2 Re6 35. b5 Bxe4 36. Nxe4 Qxb5 37. Qf3 Bc5+ 
38. Kh2 Bb6 39. Re1 Qc4 40. Nd2 Rxe1 41. Nxc4 Bg1+ 42. Kh1 Bf2+ 43. Kh2 
Bg3+ 44. Qxg3 hxg3+ 45. Kxg3 Re4 46. Nd2 Re3+ 47. Kf2 Rxa3 48. Nf1 Kg7 49.
 Ne3 Kf6 50. Ke2 Ra8 51. g3 Ra4 52. Kf3 Ra7 53. Ke2 1/2-1/2

[Event "Server Championship (CCLA Rules), S71079"]
[Site "CCLA"]
[Date "2017.04.25"]
[Round "?"]
[White "Gredescul, Andrea"]
[Black "Carter, Maurice H."]
[Result "1-0"]
[WhiteElo "2202"]
[BlackElo "2171"]

1. e4 e6 2. d3 d5 3. Nd2 c5 4. Ngf3 Nf6 5. g3 Nc6 6. Bg2 Be7 7. O-O O-O 8.
 Re1 h6 9. Qe2 Re8 10. e5 Nd7 11. c4 a6 12. a3 b6 13. h4 Bb7 14. Nf1 Na5 
15. Bf4 Nf8 16. h5 d4 17. Rab1 Nd7 18. N1d2 Ra7 19. Ne4 Nc6 20. b3 Qb8 21.
 Nd6 Bxd6 22. exd6 a5 23. Nh4 Qd8 24. Nf5 Kh8 25. g4 Rf8 26. Bxc6 Bxc6 27.
 Ne7 Qa8 28. Qf1 Bf3 29. Qh3 Nf6 30. g5 Nxh5 31. Bh2 g6 32. Rxe6 fxe6 33. 
Qxe6 Nf6 34. Nxg6+ Kg7 35. Nxf8 hxg5 36. Be5 Qxf8 37. d7 Ra8 38. Re1 Bh5 
39. f4 Qf7 40. Qf5 Rd8 41. Kf2 Qg6 42. Qe6 Qf7 43. Qxb6 1-0

[Event "Server Championship (CCLA Rules), S71079"]
[Site "CCLA"]
[Date "2017.04.25"]
[Round "?"]
[White "Zaas, Peter S."]
[Black "Owens, Johnny"]
[Result "1/2-1/2"]
[WhiteElo "2341"]
[BlackElo "2196"]

1. e4 c6 2. d4 d5 3. e5 Bf5 4. Nf3 e6 5. Be2 Nd7 6. O-O Ne7 7. c3 h6 8. 
Nbd2 a5 9. a4 Bh7 10. Nb3 Nf5 11. Bd2 Qb6 12. Rc1 Be7 13. c4 dxc4 14. Bxc4
Bb4 15. Bd3 O-O 16. Bc3 Bg6 17. Re1 Be7 18. Bc2 Bh5 19. g3 Bd8 20. Qd3 Bg6
21. Qe2 Qa6 22. Bd3 Qa7 23. Nbd2 Nb6 24. Ra1 Nd5 25. Nb3 Bb6 26. Red1 Rac8
27. Rac1 Bh5 28. Qe4 Bg6 29. Qe2 Bh5 30. Qe4 1/2-1/2

[Event "Server Championship (CCLA Rules), S71079"]
[Site "CCLA"]
[Date "2017.04.25"]
[Round "?"]
[White "Owens, Johnny"]
[Black "Zaas, Donald"]
[Result "1/2-1/2"]
[WhiteElo "2196"]
[BlackElo "2376"]

1. d4 Nf6 2. Nf3 g6 3. Bf4 Bg7 4. e3 O-O 5. Be2 d6 6. h3 Nbd7 7. O-O b6 8.
 a4 a5 9. Nc3 e6 10. e4 Bb7 11. Bd3 Re8 12. Bg5 h6 13. Be3 Qe7 14. Qd2 Qf8
15. Rfe1 Red8 16. Bf4 Re8 17. Rad1 e5 18. dxe5 dxe5 19. Bh2 Rad8 20. Qc1 
Nc5 21. Bxe5 Re7 22. Bxf6 Bxf6 23. e5 Bh8 24. Be4 Rxd1 25. Qxd1 Bxe5 26. 
Nxe5 Rxe5 27. Bxb7 Rxe1+ 28. Qxe1 Nxb7 29. Qe4 Nc5 30. Qe5 Qc8 31. g3 c6 
32. Kg2 1/2-1/2

[Event "Server Championship (CCLA Rules), S71079"]
[Site "CCLA"]
[Date "2017.04.25"]
[Round "?"]
[White "Gredescul, Andrea"]
[Black "Owens, Johnny"]
[Result "1-0"]
[WhiteElo "2202"]
[BlackElo "2196"]

1. e4 e6 2. d3 d5 3. Nd2 Nf6 4. Ngf3 c5 5. g3 Be7 6. Bg2 O-O 7. O-O Nc6 8.
 Re1 Qc7 9. e5 Nd7 10. Qe2 b5 11. h4 h6 12. Nf1 a5 13. Bf4 a4 14. Ne3 Qa5 
15. a3 Bb7 16. c3 b4 17. c4 dxc4 18. Nxc4 Qa6 19. Nfd2 Nd4 20. Qg4 Bxg2 
21. Kxg2 Qc6+ 22. Kg1 Kh8 23. Qh5 Kh7 24. Rac1 Rab8 25. Be3 Nf5 26. Qg4 
Kg8 27. Qe4 Qd5 28. Ra1 Rfd8 29. axb4 Rxb4 30. Ra3 Nb6 {Black forfeited} 1-0

[Event "Server Championship (CCLA Rules), S71079"]
[Site "CCLA"]
[Date "2017.04.25"]
[Round "?"]
[White "Zaas, Donald"]
[Black "Owens, Johnny"]
[Result "1-0"]
[WhiteElo "2376"]
[BlackElo "2196"]

1. d4 e6 2. c4 Nf6 3. Nc3 Bb4 4. f3 d5 5. a3 Bxc3+ 6. bxc3 c5 7. cxd5 exd5
8. e3 O-O 9. Bd3 Re8 10. Ne2 b6 11. O-O Ba6 12. Ng3 Qd7 13. Bf5 Qd6 14. 
Re1 Nc6 15. Bc2 g6 16. Bb2 Rad8 17. Qd2 Na5 18. Qf2 Qc6 19. e4 dxe4 20. 
Bxe4 Qd6 21. Rad1 Bc4 22. Bc1 cxd4 23. Rxd4 Qc5 24. Rxd8 Qxf2+ 25. Kxf2 
Rxd8 26. Bg5 Kg7 27. Bf4 Nxe4+ 28. Nxe4 f6 29. h4 h6 30. Nd6 g5 31. Re4 
Bd5 32. Rd4 gxf4 {Black forfeited} 1-0

[Event "Server Championship (CCLA Rules), S71079"]
[Site "CCLA"]
[Date "2017.04.25"]
[Round "?"]
[White "Anderson, Aaron J."]
[Black "Owens, Johnny"]
[Result "1-0"]
[WhiteElo "2291"]
[BlackElo "2196"]

1. d4 e6 2. e4 d5 3. Nc3 dxe4 4. Nxe4 Nd7 5. Nf3 Ngf6 6. Nxf6+ Nxf6 7. c3 
c5 8. Be3 Qc7 9. Ne5 a6 10. Qa4+ Nd7 11. Bb5 cxd4 12. Bxd7+ Bxd7 13. Qxd4 
Bc8 14. O-O-O f6 15. Nc4 e5 16. Qd5 Bf5 17. f4 Rc8 18. Nb6 Rd8 19. Qb3 
Rxd1+ 20. Rxd1 Qc6 21. fxe5 fxe5 22. Qd5 Qxd5 23. Rxd5 g6 24. Rxe5+ Kf7 
25. g3 Bd6 26. Rd5 Bc7 27. Nc4 Re8 28. a4 Re4 29. Rc5 Bb8 30. Kd2 h5 31. 
a5 h4 {Black forfeited} 1-0

[Event "Server Championship (CCLA Rules), S71079"]
[Site "CCLA"]
[Date "2017.04.25"]
[Round "?"]
[White "Carter, Maurice H."]
[Black "Owens, Johnny"]
[Result "1-0"]
[WhiteElo "2171"]
[BlackElo "2196"]

1. d4 e6 2. e4 d5 3. Nd2 dxe4 4. Nxe4 Nd7 5. Nf3 Ngf6 6. Bd3 c5 7. Nxf6+ 
Nxf6 8. dxc5 Bxc5 9. Qe2 O-O 10. O-O b6 11. Bg5 Qc7 12. Rad1 Bb7 13. c3 h6
14. Bxf6 gxf6 15. Be4 Bxe4 16. Qxe4 Rfd8 17. Qe2 f5 18. g3 Be7 19. a3 Bf6 
20. Nd2 a5 21. Nf3 Kg7 22. Rxd8 Rxd8 23. Rd1 Rxd1+ 24. Qxd1 Qc4 25. Ne1 
Qc6 26. Qd2 Qc4 27. Qd3 Qe4 28. Qxe4 fxe4 29. f3 exf3 30. a4 Bg5 31. Kf2 
f5 32. Nd3 Bf6 33. Ne1 Kf7 34. Kxf3 e5 35. Nc2 h5 36. Ne3 Ke6 
{Black forfeited} 1-0